Khảo sát ảnh hưởng điều kiện nẩy mầm đến hoạt chất sinh học và khả năng chống oxy hóa trong đậu nành : Luận văn tốt nghiệp Cao học. Chuyên ngành Công nghệ thực phẩm
Đề tài nghiên cứu nhằm xác định các yếu tố ảnh hưởng đến quá trình nẩy mầm của đậu nành. Từ đó xác định được các điều kiện tối ưu cho quá trình nẩy mầm để đạt được hàm lượng các chất có hoạt tính sinh học cao nhất trong đậu na...
Saved in:
| Main Author: | |
|---|---|
| Format: | Book |
| Language: | Undetermined |
| Published: |
Cần Thơ
Trường Đại học Cần Thơ
2015
|
| Subjects: | |
| Tags: |
Add Tag
No Tags, Be the first to tag this record!
|
| Institutions: | Trung tâm Học liệu Trường Đại học Cần Thơ |
|---|
| LEADER | 01296nam a2200217Ia 4500 | ||
|---|---|---|---|
| 001 | CTU_205691 | ||
| 008 | 210402s9999 xx 000 0 und d | ||
| 082 | |a 660.63 | ||
| 082 | |b Ph506 | ||
| 088 | |a 60540101 | ||
| 100 | |a Trần, Minh Phúc | ||
| 245 | 0 | |a Khảo sát ảnh hưởng điều kiện nẩy mầm đến hoạt chất sinh học và khả năng chống oxy hóa trong đậu nành : | |
| 245 | 0 | |b Luận văn tốt nghiệp Cao học. Chuyên ngành Công nghệ thực phẩm | |
| 245 | 0 | |c Trần Minh Phúc ; Hà Thanh Toàn (Cán bộ hướng dẫn) | |
| 260 | |a Cần Thơ | ||
| 260 | |b Trường Đại học Cần Thơ | ||
| 260 | |c 2015 | ||
| 520 | |a Đề tài nghiên cứu nhằm xác định các yếu tố ảnh hưởng đến quá trình nẩy mầm của đậu nành. Từ đó xác định được các điều kiện tối ưu cho quá trình nẩy mầm để đạt được hàm lượng các chất có hoạt tính sinh học cao nhất trong đậu nành nẩy mầm. | ||
| 650 | |a Kỹ thuật hóa sinh,Biochemical engineering | ||
| 910 | |a Hải | ||
| 980 | |a Trung tâm Học liệu Trường Đại học Cần Thơ | ||